000 00460nam a22001337a 4500
003 SGT
020 _a8171821561
082 _a891.4309
_bN99S
100 _aशर्मा, अशोक कुमार
245 _aनास्त्रेदमस की अगली सदी की भविष्यवाणियां
260 _bडायमंड पॉकेट बुक्स प्रा. लि.
_c1999
300 _a240
942 _2ddc
_cBK
999 _c31225
_d31225